000
00235 a2200097 4500
001
26459
100
_a
Reade's Digst Assn.
245
_a
Illustrated family Red. Encyclopidia
260
_a
_b
Read's Digst Asso.
_c
090
_c
17798
_d
17798
942
_a
NUST-CAE
_c
M
_c
8666
999
_c
261532
_d
261532